000 00842nam a22002417a 4500
005 2010080409549.0
010 _aENG-98132
020 _a8126026928
_c85.00
020 _a9788126026920
_c85.00
035 _aEN-81665
037 _bDBAD/PUB
082 _a881
100 _aRamakrishnan, Kadammanitta
_96056
245 _aThe cat is my grief today and other poems /
_cby Kadammanitta Ramakrishnan; translated by PP Raveendran
260 _aNew Delhi
_bSahitya Akademi
_c2009
270 _aRabindra Bhavan, 35., Ferozeshah Road
_bNew Delhi
_e110001
300 _axxviii,112p.
_c22cm (pbk)
650 _aPoems
_96057
650 _aLiterature
_96058
700 _aRaveendran, PP
_96059
942 _2ddc
_cEN
_h881
_mRAM
999 _c39235
_d39235